Normal view
MARC view
Entry Personal Name
001 - CONTROL NUMBER
- control field: 45734
003 - CONTROL NUMBER IDENTIFIER
- control field: dpl
005 - DATE AND TIME OF LATEST TRANSACTION
- control field: 20120425132928.0
008 - FIXED-LENGTH DATA ELEMENTS
- fixed length control field: 120425|||a|||||| | ||| d
040 ## - CATALOGING SOURCE
- Original cataloging agency: dpl
- Transcribing agency: dpl
100 ## - HEADING--PERSONAL NAME
- Personal name: Jhunjhunwala, Bharat
670 ## - SOURCE DATA FOUND
- Source citation: Work cat.: (dpl): Jain, D.R. 45733, Business statistics :, 2007
670 ## - SOURCE DATA FOUND
- Source citation: Work cat.: (dpl): Jain, D.R. 45733, Business statistics :, 2007
